国会に議席を有する政党の最寄駅 - Statistics

General Stats
  • This quiz has been taken 59 times
  • The average score is 8 of 13
Answer Stats
政党名 住所 最寄駅 % Correct
自由民主党 東京都千代田区永田町1-11-23 永田町
98%
立憲民主党 東京都千代田区永田町1-11-1 永田町
98%
国民民主党 東京都千代田区永田町2-17-17 永田町
98%
新党大地 東京都千代田区永田町2-9-6 永田町
98%
参政党 東京都港区赤坂3-4-3 赤坂
83%
公明党 東京都新宿区南元町17 信濃町
79%
日本保守党 東京都江東区門前仲町1-11-7 門前仲町
77%
日本共産党 東京都渋谷区千駄ヶ谷4-26-7 代々木
75%
れいわ新選組 東京都千代田区麹町2-5-20 半蔵門
38%
社会民主党 東京都中央区湊3-18-17 月島
10%
沖縄社会大衆党 沖縄県那覇市泉崎1-17-19 旭橋
8%
日本維新の会 大阪府大阪市中央区島之内1-17-16 長堀橋
6%
減税日本 愛知県名古屋市東区古出来2-5-11 ナゴヤドーム前矢田
6%
No matching quizzes found
Score Distribution
Percent of People with Each Score
Percentile by Number Answered
Your Score History
You have not taken this quiz